000 00601nam a2200217Ia 4500
005 20241129115525.0
008 241129s9999||||xx |||||||||||||| ||und||
020 _a9789351507345
037 _aTB
040 _aSDCL
_beng
_cSDCL
041 _aeng
_2eng
084 _aB28 Q6
_qSDCL
100 _aVeeraraghavan Vimla; Shetgovkar Suhas
_9727658
245 0 _aTextbook of parametric and Non-parametric statistics
260 _aNew Delhi
_bSage Publication
_c2016
300 _axxi,332p.+VP
365 _aINR
_b450
650 _aGift
942 _cTB
_hB28 Q6
999 _c1230813
_d1230813